000 00334 a2200157 4500
001 155347
040 _cEscola São Tomás de Aquino
100 _aPAIVA, Manoel Rodrigues
240 1 0 _aMatemática
_lpor
245 1 0 _aMatemática
300 _a576
362 0 _a2009
440 1 _aModerna
697 _aMATEMÁTICA
942 _cBK
999 _c155347
_d155347